| 000 | 00624nam a2200205Ia 4500 | ||
|---|---|---|---|
| 008 | 220216s9999 xx 000 0 und d | ||
| 100 | _aKrishnakumar A K | ||
| 245 | 2 | _aA Comparison of UV spectroscopy and ion selective electrode in the determination of nitrate in Hevea foliage | |
| 260 |
_bIndian Journal of Natural Rubber Research _c1990 |
||
| 300 | _a135-137 | ||
| 650 | _aHevea | ||
| 650 | _aHevea | ||
| 650 | _aIon selective electrode | ||
| 650 | _aIon selective electrode | ||
| 650 | _aUV Spectroscopy | ||
| 650 | _aUV Spectroscopy | ||
| 700 | _aGeorge E S | ||
| 700 | _aKarthikakuttyamma M | ||
| 942 | _cAR | ||
| 999 |
_c47016 _d47016 |
||